| 000 | 00793nam a22001817a 4500 | ||
|---|---|---|---|
| 003 | BD-DhUL | ||
| 005 | 20160904195302.0 | ||
| 008 | 160830s2009 bg |||| |||| 000 0 ben d | ||
| 020 | _a9844371767 | ||
| 040 |
_aBD-DhUL _cBD-DhUL |
||
| 082 |
_a954.92 _bBAN |
||
| 245 |
_aবাংলাদেশের মুক্তিযুদ্ধ : _cরংগলাল সেন , দুলাল ভৌমিক / _bঢাকা ও কলিকাতা বিশ্ববিদ্যালয়ের অবদান |
||
| 260 |
_aঢাকা : _bদি ইউনিভার্সিটি প্রেস , _c২০১২ |
||
| 300 |
_a৩০০ পৃ. : _c২১ সেমি. । |
||
| 650 | 0 | _aবাংলাদেশ-ইতিহাস | |
| 650 | 0 | _aBangladesh-history | |
| 942 |
_2ddc _cBK |
||
| 999 |
_c104084 _d104084 |
||